Хто твій друг (Запис № 317710)

МАРК-запис
000 -Лідер
fixed length control field 00540nam a22002417a 4500
003 - Ідентифікатор контрольного номера
control field UA-OsUOA
001 - Контрольний номер
control field 31288
007 - Фіксоване поле фізичного опису
fixed length control field ta
008 - Елементи даних фіксованої довжини – загальна інформація
fixed length control field 20041209b un ||||| |||| 00| 0 ukr d
090 ## - Локальний шифр розміщення
Класифікаційний індекс УДК 821
Авторський знак (НП) С34
040 ## - Джерело каталогізації
Агенція оригінальної каталогізації UA-OsUOA
Мова каталогізації ukr
Агенція, яка здійснювала перезапис UA-OsUOA
Агенція, яка здійснювала модифікацію UA-OsUOA
041 ## - Код мови
Код мови тексту/ звукової доріжки чи окремого заголовка (П) ukr
080 ## - Індекс Універсальної десяткової класифікації
Індекс Універсальної десяткової класифікації (УДК) (НП) 821
044 ## - Код країни видавця/ виробника
Код країни видавця/ виробника (П) UA
100 ## - Основне введення – ім’я особи
Ім’я особи (НП) Сизоненко О.
245 ## - Відомості про назву
Назва (НП) Хто твій друг
Решта назви (НП) Роман
260 ## - Публікація, розповсюдження і т.п. (Вихідні дані)
Місце публікації, розповсюдження і т.п. (П) Київ
Ім’я/ наймення видавництва, розповсюджувача і т.п. (П) Дніпро
Дата публікації, розповсюдження і т.п. (П) 1971
300 ## - Фізичний опис
Обсяг 208 с.
650 #7 - Додаткове предметне введення – тематичний термін
Джерело заголовка чи терміна UDC
942 ## - Додаткові елементи входу (Коха)
Тип елемента Koha Книги
955 ## - Код типу видання за змістом
Код типу видання за змістом (НП) інше
Фонди
Стан вилучень Стан втрат Джерело класифікації або схеми стелажів Стан уражень Не для кредиту Постійне місце розташування Поточне розміщення Дата придбання Інвентарний номер Усього замовленно Повний номер виклику Штрих-код Дата останнього перегляду Ціна ефективна від Тип елемента Koha
    Universal Decimal Classification     АБ - Абонемент НБ АБ - Абонемент НБ 22/11/2012 55377   821 С34 55377 06/04/2022 09/12/2004 Книги
    Universal Decimal Classification     АБ - Абонемент НБ АБ - Абонемент НБ 22/11/2012 55378   821 С34 55378 06/04/2022 09/12/2004 Книги
    Universal Decimal Classification     АБ - Абонемент НБ АБ - Абонемент НБ 09/12/2004 81584   821 С34 81584 05/04/2022 09/12/2004 Книги